| 000 | 01304nam0a2200361 4500 | ||
|---|---|---|---|
| 001 | RU\NLR\BIBL_A\012555844 | ||
| 005 | 20210826142828.0 | ||
| 010 |
_a978-5-04-115782-1 _94000 |
||
| 021 |
_aRU _bКН-П-21-010920 _9КН-П-21-0879 |
||
| 035 | _a(NLR Aleph) 012555844 | ||
| 035 | _a(RuMoRGB)010583135 | ||
| 090 |
_a12445257 _c12445257 |
||
| 100 | _a20210701d2021 d y0rusy50 ca | ||
| 101 | 1 |
_arus _ceng |
|
| 102 | _aRU | ||
| 105 | _ay|||z|||000ay | ||
| 181 | 0 |
_ai _baxxe |
|
| 182 | 0 | _an | |
| 200 | 1 |
_aЗагадка для гнома _e[для среднего школьного возраста] _fКрис Райландер _gперевод с английского А.Н. Проходского |
|
| 203 |
_aТекст _bвизуальный _cнепосредственный |
||
| 210 |
_aМосква _c#эксмодетство _cЭксмо _d2021 |
||
| 215 |
_a509, [2] с. _d21 |
||
| 225 | 1 |
_aЛегенда о Греге _v3 |
|
| 320 | _aДр. кн. авт. на 2-й с. | ||
| 333 | _a12+ | ||
| 686 | 0 | _aШ9(7США)62-4 | |
| 700 | 1 |
_7ca _8rus _aРайландер _bК. _gКрис _9231775 _3RU\NLR\AUTH\770231831 |
|
| 942 | _cBOOK | ||
| 980 | _aNB | ||